[Event "WchT Seniors 65"]
[Site "Struga"]
[Date "2023.09.20"]
[Round "2.1"]
[White "Garcia Palermo, Carlos H"]
[Black "Rozlapa, Vija"]
[Result "1-0"]
[WhiteElo "2410"]
[BlackElo "1903"]
[PlyCount "45"]
[EventDate "2023.09.19"]
[EventType "team-swiss"]
[EventRounds "9"]
[EventCountry "MKD"]
[SourceTitle "EXT 2024"]
[Source "ChessBase"]
[SourceDate "2023.10.10"]
[SourceVersion "1"]
[SourceVersionDate "2023.10.10"]
[SourceQuality "1"]
[WhiteTeam "Italy 65"]
[BlackTeam "Latvia 65 (W)"]
[WhiteTeamCountry "ITA"]
[BlackTeamCountry "LAT"]

1. d4 Nf6 2. Nf3 e6 3. c4 Bb4+ 4. Bd2 Qe7 5. g3 b6 6. Bg2 Bb7 7. Nc3 0-0 8. 0-0 Bxc3 9. Bxc3 Ne4 10. Rc1 Nxc3 11. Rxc3 c5 12. d5 exd5 13. Nh4 Qf6 14. cxd5 d6 15. e4 Bc8 16. f4 b5 17. e5 Qd8 18. Re3 Re8 19. e6 f6 20. Qh5 Na6 21. Qf7+ Kh8 22. Ng6+ hxg6 23. g4 1-0

[Event "ITA-chT playoff 54th"]
[Site "Bacoli"]
[Date "2023.05.01"]
[Round "1"]
[White "Garcia Palermo, Carlos H"]
[Black "Sonis, Francesco"]
[Result "1/2-1/2"]
[WhiteElo "2427"]
[BlackElo "2554"]
[PlyCount "100"]
[EventDate "2023.05.01"]
[EventType "team-tourn"]
[EventRounds "4"]
[EventCountry "ITA"]
[SourceTitle "CBM 213 Extra"]
[Source "ChessBase"]
[SourceDate "2023.05.31"]
[SourceVersion "1"]
[SourceVersionDate "2023.05.31"]
[SourceQuality "1"]
[WhiteTeam "Chieti"]
[BlackTeam "Costa Smeralda Arzachess"]
[WhiteTeamCountry "ITA"]
[BlackTeamCountry "ITA"]

1. d4 Nf6 2. Nf3 b6 3. Bg5 Bb7 4. Bxf6 exf6 5. e3 g6 6. g3 Bg7 7. Bg2 0-0 8. c4 Nc6 9. 0-0 f5 10. Nc3 Na5 11. Qd3 Qe7 12. Nd2 Bxg2 13. Kxg2 h5 14. Nd5 Qd8 15. b4 Nb7 16. Rab1 Re8 17. c5 c6 18. Qa6 Nxc5 19. bxc5 cxd5 20. Nf3 Qe7 21. cxb6 axb6 22. Qb7 Qe4 23. Rb5 Rxa2 24. Qxd7 Ra5 25. Rxb6 h4 26. Rfb1 Raa8 27. Rb7 Rf8 28. h3 hxg3 29. Kxg3 f4+ 30. exf4 Bxd4 31. Re1 Qd3 32. Qb5 Qxb5 33. Rxb5 Bc3 34. Re7 Rad8 35. Rbb7 d4 36. Rbd7 Rxd7 37. Rxd7 Re8 38. Ne5 Rf8 39. f5 gxf5 40. Kf4 Ba5 41. Kxf5 Rd8 42. Rxd8+ Bxd8 43. Ke4 Bb6 44. f3 Kg7 45. Nc6 f5+ 46. Kd3 Kf6 47. Nxd4 Kg5 48. h4+ Kxh4 49. Nxf5+ Kg5 50. f4+ Kxf4 1/2-1/2

[Event "Montevideo Duchamp Cup 6th"]
[Site "Montevideo"]
[Date "2023.02.11"]
[Round "9"]
[White "Acosta, Pablo Ismael"]
[Black "Garcia Palermo, Carlos H"]
[Result "1-0"]
[WhiteElo "2477"]
[BlackElo "2419"]
[PlyCount "87"]
[EventDate "2023.02.03"]
[EventType "swiss"]
[EventRounds "9"]
[EventCountry "URU"]
[SourceTitle "CBM 212 Extra"]
[Source "ChessBase"]
[SourceDate "2023.03.31"]
[SourceVersion "1"]
[SourceVersionDate "2023.03.31"]
[SourceQuality "1"]

1. d4 Nf6 2. c4 e6 3. Nc3 Bb4 4. e3 0-0 5. Bd3 d5 6. Nge2 dxc4 7. Bxc4 e5 8. 0-0 Nc6 9. a3 Bd6 10. f3 exd4 11. exd4 h6 12. Be3 Qe7 13. Bf2 Be6 14. Bxe6 fxe6 15. Qb3 a6 16. Bh4 g5 17. Bf2 b5 18. Ne4 Na5 19. Qc2 Nc4 20. N2c3 Qh7 21. a4 Nd5 22. Rfe1 Bb4 23. Qb3 Bxc3 24. Nxc3 Qd7 25. Ne4 Rae8 26. Nc5 Qc6 27. Qc2 Nf4 28. Bg3 e5 29. axb5 axb5 30. Ra6 Nb6 31. dxe5 Re7 32. b4 Qd5 33. Bxf4 Rxf4 34. Qg6+ Rg7 35. Qe6+ Rgf7 36. Qg6+ Rg7 37. Qe8+ Kh7 38. Ne4 Qd4+ 39. Kh1 Nd5 40. Qh5 Nb6 41. Nf6+ Rxf6 42. exf6 Qxf6 43. Qe8 Qd4 44. Qxb5 1-0

[Event "Montevideo Duchamp Cup 6th"]
[Site "Montevideo"]
[Date "2023.02.08"]
[Round "6"]
[White "Garcia Palermo, Carlos H"]
[Black "Fier, Alexandr"]
[Result "1/2-1/2"]
[WhiteElo "2419"]
[BlackElo "2606"]
[PlyCount "87"]
[EventDate "2023.02.03"]
[EventType "swiss"]
[EventRounds "9"]
[EventCountry "URU"]
[SourceTitle "CBM 212 Extra"]
[Source "ChessBase"]
[SourceDate "2023.03.31"]
[SourceVersion "1"]
[SourceVersionDate "2023.03.31"]
[SourceQuality "1"]

1. d4 Nf6 2. c4 e6 3. Nc3 Bb4 4. e3 0-0 5. Bd3 Re8 6. Nge2 d6 7. 0-0 c5 8. a3 Ba5 9. b4 cxb4 10. axb4 Bxb4 11. Qb3 Nc6 12. Nb5 a5 13. e4 e5 14. d5 Nb8 15. Bg5 Na6 16. Bc2 h6 17. Bxf6 Qxf6 18. f4 Bd7 19. fxe5 Qxe5 20. Ng3 Rac8 21. Qf3 Re7 22. Bd3 Nc5 23. Bc2 g6 24. Kh1 Bxb5 25. cxb5 Nd7 26. Ra2 Rc3 27. Qf2 Bc5 28. Qe1 Re3 29. Qxa5 Rxg3 30. Qd8+ Kg7 31. Ra8 Re8 32. Qxe8 Qxe8 33. Rxe8 Rc3 34. Bd1 Ne5 35. Re7 b6 36. Bg4 Rc2 37. g3 h5 38. Be6 Kh6 39. Rfxf7 Nxf7 40. Bxf7 Rc1+ 41. Kg2 Rc2+ 42. Kh1 Rc1+ 43. Kg2 Rc2+ 44. Kh1 1/2-1/2

[Event "Mar del Plata op 51st"]
[Site "Mar del Plata"]
[Date "2022.04.10"]
[Round "3"]
[White "Campos, Maria Jose"]
[Black "Garcia Palermo, Carlos H"]
[Result "1/2-1/2"]
[WhiteElo "2133"]
[BlackElo "2403"]
[PlyCount "42"]
[EventDate "2022.04.09"]
[EventType "swiss"]
[EventRounds "9"]
[EventCountry "ARG"]
[SourceTitle "CBM 208 Extra"]
[Source "ChessBase"]
[SourceDate "2022.07.31"]
[SourceVersion "1"]
[SourceVersionDate "2022.07.31"]
[SourceQuality "1"]

1. c4 Nf6 2. g3 e5 3. Bg2 d5 4. cxd5 Nxd5 5. Nc3 Nb6 6. Nf3 Nc6 7. 0-0 Be7 8. a3 0-0 9. b4 Re8 10. d3 Bf8 11. Bb2 a5 12. b5 Nd4 13. Nd2 a4 14. e3 Ne6 15. Nf3 Nc5 16. d4 exd4 17. Nxd4 Qg5 18. Qc2 Qe5 19. Nce2 Bg4 20. Nf4 Qg5 21. Rac1 Rad8 1/2-1/2

[Event "Montevideo Magistral Integracion 1st"]
[Site "Montevideo"]
[Date "2021.12.11"]
[Round "8"]
[White "Garcia Palermo, Carlos H"]
[Black "Carbone, Diego"]
[Result "0-1"]
[WhiteElo "2418"]
[BlackElo "2257"]
[PlyCount "68"]
[EventDate "2021.12.04"]
[EventType "tourn"]
[EventRounds "9"]
[EventCountry "URU"]
[EventCategory "3"]
[SourceTitle "CBM 205 Extra"]
[Source "ChessBase"]
[SourceDate "2022.01.31"]
[SourceVersion "1"]
[SourceVersionDate "2022.01.31"]
[SourceQuality "1"]

1. c4 c5 2. g3 Nc6 3. Bg2 g6 4. Nc3 Bg7 5. d3 e6 6. Be3 d6 7. Qc1 h6 8. Nf3 Nge7 9. 0-0 Rb8 10. a3 b6 11. b4 Bb7 12. Rb1 Nf5 13. Bd2 Ncd4 14. Ne1 Bxg2 15. Kxg2 Nc6 16. Nf3 Ncd4 17. Ng1 Nc6 18. e3 Qd7 19. Nce2 Qb7 20. f3 Ne5 21. Rb3 g5 22. e4 Ne7 23. Nh3 0-0 24. Nf2 f5 25. f4 fxe4 26. dxe4 gxf4 27. gxf4 N5g6 28. bxc5 dxc5 29. Rg1 e5 30. Kf1 exf4 31. Bxf4 Rbd8 32. Rbg3 Kh7 33. e5 Qd7 34. Qe3 Nf5 0-1

[Event "Montevideo Magistral Integracion 1st"]
[Site "Montevideo"]
[Date "2021.12.07"]
[Round "4"]
[White "Rodriguez Vila, Andres"]
[Black "Garcia Palermo, Carlos H"]
[Result "1/2-1/2"]
[WhiteElo "2473"]
[BlackElo "2418"]
[PlyCount "159"]
[EventDate "2021.12.04"]
[EventType "tourn"]
[EventRounds "9"]
[EventCountry "URU"]
[EventCategory "3"]
[SourceTitle "CBM 205 Extra"]
[Source "ChessBase"]
[SourceDate "2022.01.31"]
[SourceVersion "1"]
[SourceVersionDate "2022.01.31"]
[SourceQuality "1"]

1. e4 d5 2. exd5 Qxd5 3. Nc3 Qd8 4. d4 Nf6 5. Bc4 a6 6. Nf3 b5 7. Bb3 c5 8. dxc5 Qxd1+ 9. Nxd1 e6 10. a4 b4 11. a5 Bxc5 12. Be3 Nbd7 13. Ba4 0-0 14. 0-0 Bb7 15. Bxd7 Nxd7 16. Ne5 Nxe5 17. Bxc5 Rfc8 18. Bxb4 Rxc2 19. Bc3 Nd3 20. Ne3 Re2 21. Ra4 f6 22. Rg4 Rf8 23. Rg3 Be4 24. Rd1 e5 25. Ng4 h5 26. Kf1 Rc2 27. f3 Bh7 28. Ne3 Rf2+ 29. Kg1 Re2 30. Nd5 h4 31. Rg4 Nf2 32. Kf1 Rc2 33. Nxf6+ Rxf6 34. Rd8+ Rf8 35. Rxf8+ Kxf8 36. Rxh4 Bd3+ 37. Kg1 Nd1 38. Bxe5 Ne3 39. g3 Rg2+ 40. Kh1 Rf2 41. h3 Rxf3 42. Rd4 Bb5 43. Rf4+ Rxf4 44. Bxf4 Nd5 45. Be5 Bf1 46. Kh2 Kf7 47. g4 g6 48. Kg3 Ke6 49. Bd4 Be2 50. h4 Ne7 51. Bc3 Nc6 52. Kf4 Nd8 53. b4 Nf7 54. h5 g5+ 55. Kg3 Nd6 56. Bd4 Ne4+ 57. Kh3 Kf7 58. Be3 Kg7 59. Bd4+ Kh7 60. Bb2 Bf1+ 61. Kh2 Kg8 62. Ba1 Kf7 63. Bd4 Be2 64. Kh3 Nf6 65. Kg3 Nxg4 66. b5 Nh6 67. b6 Nf5+ 68. Kf2 Nxd4 69. b7 Nc6 70. Kxe2 Kg7 71. Kf3 Kh6 72. Ke4 g4 73. Kd5 Nb8 74. Kd6 g3 75. Kc7 g2 76. Kxb8 g1Q 77. Ka8 Qg2 78. Ka7 Qg7 79. Kxa6 Qf6+ 80. Ka7 1/2-1/2

[Event "ITA-ch Online Final KO"]
[Site "Premium Chess Arena INT"]
[Date "2020.11.22"]
[Round "2.2"]
[White "Garcia Palermo, Carlos H"]
[Black "Vocaturo, Daniele"]
[Result "0-1"]
[WhiteElo "2418"]
[BlackElo "2617"]
[PlyCount "94"]
[EventDate "2020.11.21"]
[EventType "k.o. (rapid)"]
[EventRounds "2"]
[EventCountry "ITA"]
[SourceTitle "CBM 199 Extra"]
[Source "ChessBase"]
[SourceDate "2021.01.31"]
[SourceVersion "1"]
[SourceVersionDate "2021.01.31"]
[SourceQuality "1"]

1. d4 d5 2. c4 dxc4 3. e3 e5 4. Bxc4 exd4 5. exd4 Bd6 6. Nf3 Nf6 7. 0-0 0-0 8. Ne5 Nc6 9. Bf4 Bxe5 10. Bxe5 Ng4 11. Bg3 Qxd4 12. Qxd4 Nxd4 13. Nc3 Be6 14. Rfd1 Rfd8 15. Bxe6 Nxe6 16. Nb5 c6 17. Rxd8+ Rxd8 18. Nxa7 f5 19. f3 f4 20. Bh4 g5 21. fxg4 gxh4 22. Re1 Kf7 23. Re4 Ra8 24. Ra4 Nc5 25. Ra3 Na6 26. Nxc6 bxc6 27. Rf3 Nc5 28. Rxf4+ Ke6 29. g5 Rxa2 30. Rxh4 Rxb2 31. Rh6+ Kf5 32. Rf6+ Kxg5 33. Rxc6 Ne4 34. h3 h5 35. Rc8 Ng3 36. Kh2 Nf5 37. Rg8+ Kf4 38. Rf8 h4 39. Rf7 Kg5 40. Rf8 Ne3 41. Rg8+ Kf4 42. Rf8+ Ke4 43. Re8+ Kd3 44. Rd8+ Ke2 45. Re8 Kf2 46. Rf8+ Ke1 47. Rf4 Nxg2 0-1

[Event "ITA-ch Online Final KO"]
[Site "Premium Chess Arena INT"]
[Date "2020.11.22"]
[Round "2.3"]
[White "Vocaturo, Daniele"]
[Black "Garcia Palermo, Carlos H"]
[Result "1/2-1/2"]
[WhiteElo "2617"]
[BlackElo "2418"]
[PlyCount "143"]
[EventDate "2020.11.21"]
[EventType "k.o. (rapid)"]
[EventRounds "2"]
[EventCountry "ITA"]
[SourceTitle "CBM 199 Extra"]
[Source "ChessBase"]
[SourceDate "2021.01.31"]
[SourceVersion "1"]
[SourceVersionDate "2021.01.31"]
[SourceQuality "1"]

1. e4 g6 2. d4 Bg7 3. Nf3 d6 4. Bc4 a6 5. a4 e6 6. Bb3 Nf6 7. Qe2 Nc6 8. e5 dxe5 9. dxe5 Nd5 10. 0-0 0-0 11. Rd1 Qe7 12. Bg5 Qb4 13. Nbd2 h6 14. Be3 b6 15. h3 Bb7 16. c3 Qe7 17. Nf1 Nxe3 18. Qxe3 Rad8 19. Bc2 Na5 20. N1d2 Bxf3 21. Nxf3 Nc4 22. Qe2 Rxd1+ 23. Bxd1 Na5 24. Qxa6 Nc6 25. Qb5 Qd7 26. Be2 Nxe5 27. Nxe5 Qxb5 28. Bxb5 Bxe5 29. Rd1 g5 30. Bc6 Kg7 31. Rd3 h5 32. b4 Rb8 33. Kf1 f5 34. Ke2 Bd6 35. Rd1 Kf6 36. Kd3 g4 37. Kc4 g3 38. fxg3 Bxg3 39. Rd7 Bd6 40. Bf3 e5 41. Bxh5 e4 42. Be2 Rg8 43. Bf1 Rg3 44. Rxd6+ cxd6 45. Kd4 e3 46. a5 bxa5 47. bxa5 Rxg2 48. Kxe3 Ra2 49. a6 Ke5 50. h4 f4+ 51. Kf3 Ra3 52. h5 Rxc3+ 53. Kg4 Rg3+ 54. Kh4 Kf6 55. Bb5 Ra3 56. Kg4 f3 57. Kg3 Kg5 58. Be8 Rxa6 59. Kxf3 Ra5 60. Bg6 Re5 61. Kf2 d5 62. Kf3 d4 63. Kf2 Re3 64. Bf7 Kf4 65. Bg6 d3 66. h6 d2 67. Bc2 Rh3 68. Ke2 Rh2+ 69. Kd3 Rxh6 70. Kxd2 Rd6+ 71. Kc3 Rd3+ 72. Bxd3 1/2-1/2

[Event "ITA-ch Online Qual GpB"]
[Site "Premium Chess Arena INT"]
[Date "2020.11.19"]
[Round "4.5"]
[White "Garcia Palermo, Carlos H"]
[Black "Moroni, Luca Jr"]
[Result "1/2-1/2"]
[WhiteElo "2418"]
[BlackElo "2562"]
[PlyCount "80"]
[EventDate "2020.11.18"]
[EventType "tourn (rapid)"]
[EventRounds "9"]
[EventCountry "ITA"]
[EventCategory "10"]
[SourceTitle "CBM 199 Extra"]
[Source "ChessBase"]
[SourceDate "2021.01.31"]
[SourceVersion "1"]
[SourceVersionDate "2021.01.31"]
[SourceQuality "1"]

1. e4 e5 2. Nf3 Nc6 3. d4 exd4 4. Nxd4 Nf6 5. Nxc6 bxc6 6. Nd2 Bc5 7. Bd3 0-0 8. 0-0 Re8 9. Qf3 d5 10. h3 Bd6 11. exd5 cxd5 12. b3 Be5 13. Rb1 c5 14. Bb5 Re6 15. Qd3 a6 16. Ba4 Bb7 17. Nf3 Bc7 18. Ba3 Qd6 19. Rfe1 Ne4 20. c4 d4 21. b4 Ng5 22. Rxe6 Nxf3+ 23. gxf3 Qh2+ 24. Kf1 Qxh3+ 25. Ke2 Qxe6+ 26. Kd2 cxb4 27. Bxb4 Bf4+ 28. Kc2 Rc8 29. Bb3 Qf6 30. Re1 Bb8 31. Re7 Bxf3 32. Kb2 Bg4 33. Qe4 Be6 34. Qb7 h5 35. c5 d3+ 36. Ka3 a5 37. Rxe6 axb4+ 38. Ka4 Qd8 39. Re7 Rc7 40. Bxf7+ Kf8 1/2-1/2

[Event "ITA-ch Online Qual GpB"]
[Site "Premium Chess Arena INT"]
[Date "2020.11.19"]
[Round "5.2"]
[White "Stella, Andrea"]
[Black "Garcia Palermo, Carlos H"]
[Result "0-1"]
[WhiteElo "2457"]
[BlackElo "2418"]
[PlyCount "124"]
[EventDate "2020.11.18"]
[EventType "tourn (rapid)"]
[EventRounds "9"]
[EventCountry "ITA"]
[EventCategory "10"]
[SourceTitle "CBM 199 Extra"]
[Source "ChessBase"]
[SourceDate "2021.01.31"]
[SourceVersion "1"]
[SourceVersionDate "2021.01.31"]
[SourceQuality "1"]

1. Nf3 b6 2. g3 Bb7 3. Bg2 Nf6 4. 0-0 c5 5. c4 g6 6. b3 Bg7 7. Bb2 d5 8. cxd5 0-0 9. d4 Nxd5 10. Nc3 Nxc3 11. Bxc3 Nc6 12. Rc1 Nxd4 13. Nxd4 Bxg2 14. Ne6 fxe6 15. Kxg2 Qd5+ 16. f3 Qxd1 17. Rfxd1 Rfd8 18. Bd2 a5 19. a4 Kf7 20. Bf4 e5 21. Be3 Rd6 22. Re1 Ke6 23. Rc4 Bf6 24. g4 h5 25. g5 Bg7 26. Kf2 Rad8 27. Rb1 Rd1 28. Rxd1 Rxd1 29. Rc1 Rd6 30. Ke1 Kf5 31. Rc4 Rd7 32. h4 Rd8 33. Bd2 e4 34. Rxe4 Be5 35. Be3 Bc3+ 36. Kf2 e5 37. Rc4 Bd2 38. Bxd2 Rxd2 39. Rc3 Rd4 40. Rc4 Rd1 41. Rc3 Rd4 42. Rc4 e4 43. Ke3 exf3 44. exf3 Rd6 45. Rf4+ Ke5 46. Re4+ Kd5 47. Kd3 Rd8 48. Ke3 b5 49. axb5 Rb8 50. Kd3 Rxb5 51. Kc3 Rb8 52. Rf4 Rb4 53. Rxb4 cxb4+ 54. Kd3 Ke5 55. Kc4 Kf4 56. Kb5 Kg3 57. Kxa5 Kxh4 58. Kxb4 Kg3 59. Kc5 h4 60. b4 h3 61. b5 h2 62. b6 h1Q 0-1

[Event "Montevideo Duchamp Cup 4th"]
[Site "Montevideo"]
[Date "2020.02.11"]
[Round "5"]
[White "Garcia Palermo, Carlos H"]
[Black "Curi, Gabriel"]
[Result "1-0"]
[WhiteElo "2434"]
[BlackElo "2132"]
[PlyCount "69"]
[EventDate "2020.02.08"]
[EventType "swiss"]
[EventRounds "9"]
[EventCountry "URU"]
[SourceTitle "CBM 194 Extra"]
[Source "ChessBase"]
[SourceDate "2020.03.31"]
[SourceVersion "1"]
[SourceVersionDate "2020.03.31"]
[SourceQuality "1"]

1. d4 d5 2. Nf3 Nf6 3. c4 c6 4. e3 e6 5. Bd3 Nbd7 6. Nbd2 Bd6 7. 0-0 0-0 8. e4 e5 9. cxd5 cxd5 10. Re1 h6 11. exd5 exd4 12. Nc4 Nb6 13. Nxd6 Qxd6 14. Be2 d3 15. Qxd3 Qxd5 16. Qxd5 Nbxd5 17. Bd2 Ne4 18. Ba5 b6 19. Bc4 Nef6 20. Bd2 Bb7 21. Ne5 Rac8 22. f3 Rc7 23. b3 Bc8 24. a4 Be6 25. g4 Nd7 26. Ng6 Rxc4 27. bxc4 fxg6 28. Rxe6 Nf4 29. Re7 Nc5 30. Bxf4 Rxf4 31. a5 Nb3 32. axb6 axb6 33. Ra8+ Rf8 34. Raa7 Rxf3 35. Rxg7+ 1-0

[Event "Wch Seniors 65 29th"]
[Site "Bucharest"]
[Date "2019.11.20"]
[Round "8"]
[White "Garcia Palermo, Carlos H"]
[Black "Balashov, Yuri S"]
[Result "1/2-1/2"]
[WhiteElo "2421"]
[BlackElo "2457"]
[PlyCount "71"]
[EventDate "2019.11.12"]
[EventType "swiss"]
[EventRounds "11"]
[EventCountry "ROU"]
[SourceTitle "CBM 193 Extra"]
[Source "ChessBase"]
[SourceDate "2020.01.31"]
[SourceVersion "1"]
[SourceVersionDate "2020.01.31"]
[SourceQuality "1"]

1. Nf3 Nf6 2. c4 e6 3. b3 c5 4. Bb2 Nc6 5. e3 Be7 6. Nc3 0-0 7. d4 d5 8. cxd5 Nxd5 9. Nxd5 exd5 10. dxc5 Bxc5 11. Bd3 Bb4+ 12. Ke2 Be7 13. Qc2 h6 14. Rhd1 Be6 15. Rac1 Rc8 16. Qb1 Bf6 17. h3 Bxb2 18. Qxb2 Qd6 19. a3 a5 20. Rb1 Rfe8 21. b4 axb4 22. axb4 Bd7 23. b5 Ne5 24. Nxe5 Qxe5 25. Qxe5 Rxe5 26. f4 Ree8 27. Kd2 Kf8 28. Ra1 Ra8 29. Kc3 Ke7 30. Kd4 Kd6 31. g4 Rec8 32. f5 f6 33. Rdb1 Re8 34. Rc1 Red8 35. Rcb1 Re8 36. Rc1 1/2-1/2